000
00329 a2200157 4500
001
150885
040
_c
Escola São Tomás de Aquino
100
_a
BRAZ, Júlio Emílio
240
1
0
_a
Pivete
_l
por
245
1
0
_a
Pivete
300
_a
35
362
0
_a
2008
440
1
_a
Editora do Brasil
697
_a
Psicologia
942
_c
BK
999
_c
150885
_d
150885